000 00545nam a22001577i 4500
001 3537
003 OSt
005 20170126082320.0
007 tu
008 161220s xxu||||| |||| 00| 0 d
024 7 _a3536
_2RID
040 _cOSt
084 _a10.53
_a19.20
_a11.43
_2z
245 0 0 _aFull Employment, Social Cohesion and Equity for Europe - Alternatives to Competitive Austerity. A declaration and a memorandum of European economists
_bConferences on "Alternative Economic Policies for Europe", Strassbourg, 1995 and Brussels 1996
300 _c30cm
942 _cB
999 _c3487
_d3487